000 00672nam a22001815i 4500
001 171945
003 ES-MaACL
005 20230906214756.0
008 090609s1962 sp |||| | spa d
080 _a617.7(02)
100 1 _aSorsby, Arnold.
_9140562
245 1 0 _aPatología médica oftalmológica
_b: (oftalmología sistemática) /
_ceditada bajo la dirección de Arnold Sorsby ; versión del Dr. J. M. Deó Ridruejo.
260 _aBarcelona :
_bToray,
_c1962.
300 _aXVI, 729 p., 10 h. de lám., 13 h. de lám. en col. :
_bil. ;
_c25 cm.
650 0 4 _aOftalmología.
_915693
700 1 _aDeo Ridruejo, J. M.
_943744
852 _aES-MaACL
_jC-21162
_9R.49659
999 _c171945
_d171945